The Bas Shamra discoveries and the olg testament /
Guardado en:
| Autor Principal: | |
|---|---|
| Formato: | Libro |
| Idioma: | English |
| Publicado: |
Oxford :
B. Blackwell,
1965.
|
| Etiquetas: |
Agregar Etiqueta
Sin Etiquetas, Sea el primero en etiquetar este registro!
|
| LEADER | 00457nam a22001455a 4500 | ||
|---|---|---|---|
| 001 | EUN.um054367 | ||
| 003 | AR-BaUNS | ||
| 005 | 20050623122920.0 | ||
| 008 | 041125s1965####xx#a##########000#0#eng#d | ||
| 245 | 1 | 4 | |a The Bas Shamra discoveries and the olg testament / |c Arvid S. Kapelrud. |
| 260 | |a Oxford : |b B. Blackwell, |c 1965. | ||
| 300 | |a 88 p. : |b ilus. ; |c 19,5 cm. | ||
| 100 | 1 | |a Kapelrud, Arvid S. | |
| 082 | 0 | 4 | |a 935 |
| 859 | |a Ar-BaUNS |b BIB. CENTRAL - Sector C |h 935 |i K14 |p 55301/970 | ||
